Shahab-E-Gham (Record no. 3802)

MARC details
000 -LEADER
fixed length control field 00606nam a2200253 a 4500
020 ## - INTERNATIONAL STANDARD BOOK NUMBER
ISBN
082 00 - DEWEY DECIMAL CLASSIFICATION NUMBER
Classification number 891.4391
Author Cutter SUR2
100 ## - MAIN ENTRY--AUTHOR NAME
Author name Suraiyya, Mohd Taqi Ali
245 ## - TITLE STATEMENT
Title Shahab-E-Gham
260 ## - PUBLICATION, DISTRIBUTION, ETC. (IMPRINT)
Place of publication Lucknow
Name of publisher Ishaatul Uloom Press
Year of publication 1930
300 ## - PHYSICAL DESCRIPTION
Number of Pages 232p
500 ## - GENERAL NOTE
General note includes index and biblioraphy
505 2# - FORMATTED CONTENTS NOTE
Formatted contents note Index
650 ## - SUBJECT ADDED ENTRY--TOPICAL TERM
Topical Term Urdu-Poetry
650 ## - SUBJECT ADDED ENTRY--TOPICAL TERM
Topical Term Poetry-Shia
942 ## - ADDED ENTRY ELEMENTS (KOHA)
Koha item type Books
700 1# -
-- Suraiyya, Mohd Taqi Ali
Holdings
Collection code Home library Current library Date acquired Cost, normal purchase price Full call number Accession Number Koha item type
  Henry Martyn Institute Library Henry Martyn Institute Library 06/25/2007 100.00 891.4391 SUR2 06539 Books
                   Copyright © 2026 | Henry Martyn Institute | Hyderabad | TS-500052 | INDIA | Implemented by hmi.edu.in
Hit-Count:

Powered by Koha